Riešením sú nové produkty a akvizície sedem najrizikovejších oblastí pre poisťovne v tomto roku

Nová účtovná legislatíva a regulačné predpisy pre poisťovací sektor. Zdroje kapitálu a vytváranie rezervných fondov. Komplexné modely riadenia rizík (Enterprise risk management). Implementácia smernice Solvency II. Konsolidačný proces európskeho poisťovacieho trhu.

Na minha lista:
Detalhes bibliográficos
Autor principal: Spiš, Jaroslav
Formato: Capítulo de Livro
Idioma:eslovaco
Assuntos:
Tags: Adicionar Tag
Sem tags, seja o primeiro a adicionar uma tag!

MARC

LEADER 00000naa$a2200000$$$4500
001 0115102
005 20231019091434.3
041 0 |a slo 
044 |a SK 
245 1 0 |a Riešením sú nové produkty a akvizície  |b sedem najrizikovejších oblastí pre poisťovne v tomto roku  |c Jaroslav Spiš 
520 |a Nová účtovná legislatíva a regulačné predpisy pre poisťovací sektor. Zdroje kapitálu a vytváranie rezervných fondov. Komplexné modely riadenia rizík (Enterprise risk management). Implementácia smernice Solvency II. Konsolidačný proces európskeho poisťovacieho trhu. 
610 2 0 |a poisťovníctvo 
610 2 0 |a poisťovne 
610 2 0 |a trh poistný 
610 2 0 |a riadenie rizík 
610 2 0 |a podmienky poistné 
610 2 0 |a zmluvy poistné 
610 2 0 |a konkurencia 
610 2 0 |a smernice 
100 1 |a Spiš, Jaroslav